01310nam a22002894a 4500001001200000003000800012006001900020007001500039008004100054010001700095020001500112040002100127035002000148050002500168082002700193245025700220260005600477300002600533504005100559533015200610650004700762655002900809700002000838710001700858856012600875999001901001ebr10032447CaPaEBRm u cr cn|||||||||001107s2001 dcua sb 001 0 eng  z 00065369  z0309071372 aCaPaEBRcCaPaEBR a(OCoLC)5330128914aRA643.83b.N6 2001eb04a362.1/969792/0097322100aNo time to loseh[electronic resource] :bgetting more from HIV prevention /cCommittee on HIV Prevention Strategies in the United States, Division of Health Promotion and Disease Prevention, Institute of Medicine ; Monica S. Ruiz ... [et al.] editors. aWashington, D.C. :bNational Academy Press,cc2001. axxiii, 227 p. :bill. aIncludes bibliographical references and index. aElectronic reproduction.bPalo Alto, Calif. :cebrary,d2013.nAvailable via World Wide Web.nAccess may be limited to ebrary affiliated libraries. 0aAIDS (Disease)zUnited StatesxPrevention. 7aElectronic books.2local1 aRuiz, Monica S.2 aebrary, Inc.40uhttp://site.ebrary.com/lib/rucke/Doc?id=10032447zAn electronic book accessible through the World Wide Web; click to view c176860d176860